Guess the Famous People from their Eyes #29 - Statistics

General Stats
  • This quiz has been taken 189 times
  • The average score is 7 of 16
Answer Stats
Picture Answer % Correct
John Lennon
82%
Robin Williams
82%
Gwyneth Paltrow
75%
Paul Rudd
73%
Taylor Lautner
70%
Snoop Dogg
69%
Maggie Smith
67%
Keira Knightley
56%
Adrien Brody
47%
Kevin Spacey
47%
Jay Leno
20%
Bonnie Wright
17%
Leah Remini
12%
Aisha Tyler
6%
Sydney McLaughlin
4%
Olga Kurylenko
1%
No matching quizzes found
Score Distribution
Percent of People with Each Score
Percentile by Number Answered
Your Score History
You have not taken this quiz